000 00526cam a2200169 4500500
005 20260322014207.0
041 _afre
042 _adc
100 1 0 _aGeorges, Thierry
_eauthor
700 1 0 _aJoindot, Michel
_eauthor
700 1 0 _aJoindot, Irène
_eauthor
245 0 0 _aSolitons in optical fibers
260 _c2026.
500 _a28
786 0 _nOptics and photonics | - | 2026-03-05 | p. 3-3
856 4 1 _uhttps://stm.cairn.info/optical-telecommunications--bdti42454210-e1985-page-3?lang=en&redirect-ssocas=7080
999 _c1787117
_d1787118